000 00983nmm a2200289 a 4500
001 ocm0002015333
003 TR-IsHL
005 20201028175238.0
008 181019s2018 tu tur
007 cr cn
020 _a9789752475984
035 _a2015333
_b(N$T)
050 0 4 _aML120.T9
_bK55 2018
090 0 4 _aML120.T9
_bK55 2018
100 1 _aKılıç Tapu, Ilgım
245 1 0 _aSayısal verilerle müzik alanında çalışılan lisansüstü tezler (2010-2017 Yılları Arası)
_h[electronic resource] /
_cIlgım Kılıç Tapu ; editör Damla Bulut
260 _aKonya :
_bEğitim Yayınevi,
_c2018
300 _a324 p.
500 _aKaynakça var.
650 4 _aMüzik
650 4 _aMusic
650 0 _aMüzik Türkiye Bibliyografyası
650 0 _aMusic
_x Turkey
_x Bibliography
650 7 _aMUSIC / General
_2bisacsh
700 1 _aBulut, Damla
856 4 0 _uhttp://search.ebscohost.com/login.aspx?direct=true&scope=site&db=e011xww&AN=2015333
999 _c18578
_d18578